书目信息 |
| 题名: |
陈寅恪的最后20年
|
|
| 作者: | 陆键东 著 | |
| 分册: | ||
| 出版信息: | 北京 生活·读书·新知三联书店 2013 |
|
| 页数: | 511页 | |
| 开本: | 23cm | |
| 丛书名: | ||
| 单 册: | ||
| 中图分类: | K825.81=72 , K825.81 | |
| 科图分类: | ||
| 主题词: | ||
| 电子资源: | ||
| ISBN: | 978-7-108-04501-0 | |
| 000 | 00906nam0 2200253 450 | |
| 001 | 139852 | |
| 005 | 20140913152535.65 | |
| 010 | @a978-7-108-04501-0@dCNY 42.00 | |
| 100 | @a20130729d2013 em y0chiy50 ea | |
| 101 | 0 | @achi |
| 102 | @aCN@b110000 | |
| 105 | @aa z 000yd | |
| 200 | 1 | @a陈寅恪的最后20年@Achen yin ke de zui hou 20 nian@b专著@f陆键东著 |
| 205 | @a修订本 | |
| 210 | @a北京@c生活·读书·新知三联书店@d2013 | |
| 215 | @a511页@c照片,图@d23cm | |
| 330 | @a本书为陈寅恪先生后半生的传记。书中为读者打开了一段尘封的历史,从陈先生的生存状态和人际关系入手,探索了他的内心世界,并以此分析、诠释了陈先生晚年作品的内涵,提出了不少颇有说服力的见解。 | |
| 600 | 0 | @a陈寅恪@f(1890-1969)@x生平事迹 |
| 600 | 0 | @a陈寅恪@f(1890-1969) |
| 690 | @aK825.81=72@v5 | |
| 690 | @aK825.81@v4 | |
| 701 | 0 | @a陆键东@Alu jian dong@f(1960 )@4著 |
| 801 | 0 | @aCN@bZL@c20140913 |
| 905 | @a241430@dK825.81@eL840 | |
| 陈寅恪的最后20年/陆键东著.-修订本.-北京:生活·读书·新知三联书店,2013 |
| 511页:照片,图;23cm |
| ISBN 978-7-108-04501-0:CNY 42.00 |
| 本书为陈寅恪先生后半生的传记。书中为读者打开了一段尘封的历史,从陈先生的生存状态和人际关系入手,探索了他的内心世界,并以此分析、诠释了陈先生晚年作品的内涵,提出了不少颇有说服力的见解。 |
| ● |
| 相关链接 |
|
|
|
正题名:陈寅恪的最后20年
索取号:K825.81/L840
 
预约/预借
| 序号 | 登录号 | 条形码 | 馆藏地/架位号 | 状态 | 备注 |
| 1 | 0832341 | 208323410 | 自科二线404/309社科库 55排2列3层/ [索取号:K825.81/L840] | 在馆 | |
| 2 | 0832342 | 208323429 | 自科二线404/309社科库 55排2列3层/ [索取号:K825.81/L840] | 在馆 | |
| 3 | 0832343 | 208323438 | 自科二线404/309社科库 55排2列3层/ [索取号:K825.81/L840] | 在馆 | |
| 4 | 0832344 | 208323447 | 社科库309/309社科库 55排2列3层/ [索取号:K825.81/L840] | 在馆 | |
| 5 | 0832345 | 208323456 | 社科库309/309社科库 55排2列3层/ [索取号:K825.81/L840] | 在馆 |